Estadísticas para 61 Capitales de América

Haz click aquí para intentar la prueba.

Estadísticas generales

  • Esta prueba ha sido intentada 90 veces
    (60 desde el último reinicio)
  • La puntuación promedio es 37 de 61

Estadísticas de respuestas

PaísCapital% Correcto
BrasilBrasilia
100%
ArgentinaCiudad Autónoma de Buenos Aires
100%
CanadáOttawa
100%
ColombiaBogotá
96%
VenezuelaCaracas
96%
PanamáCiudad de Panamá
96%
CubaLa Habana
96%
UruguayMontevideo
96%
HaitiPuerto Principe
96%
EcuadorQuito
96%
ChileSantiago
96%
HondurasTegucigalpa
96%
ParaguayAsunción
92%
MéxicoCiudad de México
92%
BoliviaLa Paz / Sucre
92%
PerúLima
92%
Costa RicaSan José
92%
GuatemalaCiudad de Guatemala
88%
El SalvadorSan Salvador
88%
JamaicaKingston
83%
San Vicente y Las GranadinasKingstown
83%
NicaraguaManagua
83%
República DominicanaSanto Domingo
83%
BeliceBelmopán
79%
Estados UnidosWashington District of Columbia
79%
BahamasNasáu
75%
SurinamParamaribo
75%
Trinidad y TobagoPuerto España
75%
Puerto RicoSan Juan
75%
GuyanaGeorgetown
71%
Islas CaimánGeorge Town
71%
GranadaSaint George
67%
Antigua y BarbudaSaint John
67%
Santa LucíaCastries
58%
BarbadosBridgetown
54%
DominicaRoseau
54%
GuadalupeBasse-Terre
50%
San Cristóbal y NievesBasseterre
50%
Guayana FrancesaCayena
50%
GroenlandiaNuuk
50%
BermudasHamilton
42%
AnguilaEl Valle
33%
San EustaquioOranjestad
33%
ArubaOranjestad
33%
CurazaoWillemstad
33%
BonaireKralendijk
29%
Islas MalvinasPuerto Argentino
29%
San Pedro y MiquelónSan Pedro
29%
Islas Turcas y CaicosCockburn Town
25%
San BartoloméGustavia
21%
Saint MartinMarigot
21%
Sint MarteenPhilipsburg
21%
Islas Vírgenes BritánicasRoad Town
21%
SabaThe Bottom
21%
MonserratBrades
17%
Islas Vírgenes EstadounidensesCarlota Amalia
17%
MartinicaFuerte de Francia
17%
Isla de Pascua (Rapa Nui)Hanga Roa
17%
Islas GalapagosPuerto Baquerizo Moreno
13%
Islas Juan FernándezSan Juan Bautista
13%
Islas Georgias del Sur y
Sandwich del Sur
King Edward Point
8%

Distribución de puntuación

Porcentaje por número respondido

Porcentaje de gente con cada puntuación

Historial de tus puntuaciones

No has intentado esta prueba desde el último reinicio